Workshop Processes for Mechanical Engineering Technicians, Vol. 1 (Record no. 1858)
[ view plain ]
| 005 - DATE AND TIME OF LATEST TRANSACTION | |
|---|---|
| control field | 20250430173936.0 |
| 020 ## - INTERNATIONAL STANDARD BOOK NUMBER | |
| International Standard Book Number | 0 340 12444 X |
| 082 ## - DEWEY DECIMAL CLASSIFICATION NUMBER | |
| Classification number | 620.1 PRI |
| 100 ## - MAIN ENTRY--PERSONAL NAME | |
| Author name | PRITCHARD, R.T. |
| 245 ## - TITLE STATEMENT | |
| Title | Workshop Processes for Mechanical Engineering Technicians, Vol. 1 |
| 260 ## - PUBLICATION, DISTRIBUTION, ETC. | |
| Place of publication, distribution, etc. | London |
| Name of publisher, distributor, etc. | The English University Press Ltd. |
| Date of publication, distribution, etc. | 1971 |
| 300 ## - PHYSICAL DESCRIPTION | |
| Extent | viii, 216p. ill., |
| Other physical details | Index |
| Dimensions | 21cm. |
| 942 ## - ADDED ENTRY ELEMENTS (KOHA) | |
| Source of classification or shelving scheme | Dewey Decimal Classification |
| Koha item type | Books |
| Date last seen | Total checkouts | Full call number | Barcode | Cost, replacement price | Price effective from | Koha item type | Lost status | Source of classification or shelving scheme | Damaged status | Not for loan | Withdrawn status | Home library | Current library | Shelving location | Date acquired | Cost, normal purchase price |
|---|---|---|---|---|---|---|---|---|---|---|---|---|---|---|---|---|
| 04/30/2025 | LM 620.1 PRI | 0000004372 | 30000.00 | 04/30/2025 | Books | Dewey Decimal Classification | College of Business Education Main Library | College of Business Education Main Library | General Collection | 10/05/1979 | 10000.00 | |||||
| 04/30/2025 | LM 620.1 PRI | 0000004373 | 30000.00 | 04/30/2025 | Books | Dewey Decimal Classification | College of Business Education Main Library | College of Business Education Main Library | General Collection | 10/05/1979 | 10000.00 | |||||
| 04/30/2025 | LM 620.1 PRI | 0000004374 | 30000.00 | 04/30/2025 | Books | Dewey Decimal Classification | College of Business Education Main Library | College of Business Education Main Library | General Collection | 10/05/1979 | 10000.00 | |||||
| 05/06/2025 | LM 620.1 PRI | 0000004382 | 30000.00 | 05/06/2025 | Books | Dewey Decimal Classification | College of Business Education Main Library | College of Business Education Main Library | General Collection | 10/05/1979 | 10000.00 |
